000 00542nam a2200193Ia 4500
005 20250923144637.0
008 008 250917s9999 xx 000 0 eng d
037 _aTextual
040 _aDSWL
_beng
_cDSWL
041 _aeng
_2eng
084 _aYX,ZF, N53
_qDSWL
245 0 _aApproaches Co-community development
_cEd by Phillips Ruopp .
260 _aBandurg
_b W.Van Hoeve Ltd. The Hague
_c1953
300 _axvi,352p.
365 _aUSD
_b3.5
925 _g3.5
942 _cTEXL
_hYX,ZF, N53
999 _c1441560
_d1441560